000 00844cam a22002531 4500
001 29092
003 BD-RjUL
005 20211209051354.0
008 140402m1955 enkac b 000 0beng c
035 _a(BD-RjUL)29177
040 _aIllinois Univ. Lib.
_cNCH
_dUk
_dOCoLC
_dBD-RjUL
_beng
041 _aeng
082 _a131.34
_bJOS V-2 1955
100 1 _aJones, Ernest,
_d1879-1958.
_93810
245 0 0 _aSigmund Freud :
_blife and work /
_nBy Ernest Jones
260 _aLondon,
_bHogarth Press,
_c1955.
300 _a v. :
_bill. ;
_c23 cm.
504 _aIncludes bibliographical references.
505 0 _aVol. 2, Years of maturity, 1901-1919.--
600 _aFreud, Sigmund,
_d1856-1939.
_xBiography
_9220911
600 _aFreud, Sigmund,
_d1856-1939
_xCriticism and interpretation.
_9220912
942 _2ddc
_cBK
999 _c29092
_d29092